Регионална библиотека "Любен Каравелов" - Русе

Събрани съчинения в осем тома (Запис номер 187627)

MARC детайли
000 -Лидер
Контролно поле с фиксирана дължина 01950nam a2200361 a 4500
003 - Код на организацията, давaща контролен номер
Контролно поле BLK
005 - Дата и час на последна редакция
Контролно поле 20240430005253.0
008 - Елементи от данни с фиксирана дължина
fixed length control field 180411b bul|||||r ||||||| ||bul||
010 ## - Наследен системен номер
LC control number KNG00196643000
040 ## - Източник на каталожния запис
Идентификатор на билиотеката - собственик на записа BLK
041 ## - Код за език
Код за езика на текст/звукозапис или на отделно заглавие Български
Код за езика КДБФ Български
080 ## - УДК
Текстов определител УДК Българска литература
УДК код - определител по УДК 821.163.2
УДК определител (081.1)
УДК - код + определител 821.163.2(081.1)
080 ## - УДК
Текстов определител УДК Българска литература
УДК код - определител по УДК 821.163.2
УДК определител -1
УДК - код + определител 821.163.2-1
100 ## - Редна дума - Автор
Автор Славейков, Пенчо Петков
Дати, свързани с автора 1866-1912
Автор - информация (биография) Поет. Фолклорист. Преводач от немски и руски език.
R(LIN) 364367
139 ## - Редно поле
Редна дума Славейков, Пенчо Петков
Авторски знак Славе - С 42
245 10 - Сведения за заглавието
Заглавие Събрани съчинения в осем тома
Подзаглавни данни Т. 1 -
Редно поле (дума) Пенчо Петков Славейков; ред. кол. Борис Стойчев Делчев; предг. от Ангел Тодоров; * Ангел Тодоров Тошков; под ред. на на том Ангел Тодоров.
Том Т. 2
Заглавие на том На острова на блажените
257 ## - Страна на издаване
Страна на създаване/издаване България
260 ## - Област на издателските данни
Име на издателя, разпространителя и проч. Бълг. писател
Година на издаване 1958 - 1959
Място на издаване, разпространение и проч. София
300 ## - Физическа характеристика
Размери/Мащаб 20 см
380 ## - Жанр
Жанр Худож. лит.
700 1# - Други автори (авторска отговорност)
Лично име Делчев, Борис Стойчев
Автороска отговорност (Описва отношението между автора и произведението) ред. кол.
9 (RLIN) 368307
700 1# - Други автори (авторска отговорност)
Лично име Тодоров, Ангел
Автороска отговорност (Описва отношението между автора и произведението) предг. от
Друга информация Тошков, Ангел Тодоров
9 (RLIN) 367241
700 1# - Други автори (авторска отговорност)
Лично име Тошков, Ангел Тодоров
Автороска отговорност (Описва отношението между автора и произведението) *
9 (RLIN) 377337
700 1# - Други автори (авторска отговорност)
Лично име Тодоров, Ангел
Автороска отговорност (Описва отношението между автора и произведението) под ред. на на том
Друга информация Тошков, Ангел Тодоров
9 (RLIN) 367241
760 1# - Описание на основната серия
Редна дума на основното описание Славейков, Пенчо Петков
Място на издаване, издател и година 1958
Страници - том 352 с. : с портр., 3 л. : ил., 1 л. : факс.
Заглавие На острова на блажените
Част - том Т. 2
852 ## - Местоположение
Форматна сигнатура Цб 11516
856 4# - Електронен адрес и достъп
Електронен формат pdf - файл
856 4# - Електронен адрес и достъп
Електронен формат pdf - файл
999 ## - СИСТЕМНИ КОНТРОЛНИ НОМЕРА
Koha biblionumber 187627
Koha biblioitemnumber 187627
942 ## - АРТИКУЛИ
Вид на библиотечния материал Книги
Скрит в OPAC Не
Периодичен библиозапис Да
944 ## - СЪЗДАВАНЕ И РЕДАКЦИЯ на ЗАПИСА
Създаване/Редакция Създаване
Дата на регистрацията/редакция 22.11.2016
Служител, извършил регистрацията/редакцията
Статус, дата на статуса CRON CRON
944 ## - СЪЗДАВАНЕ И РЕДАКЦИЯ на ЗАПИСА
Създаване/Редакция Редакция
Дата на регистрацията/редакция 22.11.2016
Служител, извършил регистрацията/редакцията Правда_Бадева
999 ## - СИСТЕМНИ КОНТРОЛНИ НОМЕРА
Koha biblioitemnumber 187627
Наличности
Код за отписване Код за изгубен артикул Източник на класификационната схема Код за повреда Коз за рестрикции Код за отдаване Артикулен № Име на библиотеката - собственик Име на библиотеката, в която се намира в момента Статус (Текущо местоположение) Дата на вписване в системата Местоположение - отдел Цена в лева Инвентарен номер Систематично азбучна сигнатура Баркод Номер на екземпляра Цена в евро Служебна бележка Служебен тип на артикула
  Не е изгубен Universal Decimal Classification Не е повреден само за читалня ползва се в читалня 327788 Регионална библиотека "Любен Каравелов" Русе Регионална библиотека "Любен Каравелов" Русе Хранилище 1958-01-01 Основен фонд - ползва се само за читалня 1.10 12634/58 Цб 11516 900000083344 1 0.56 N: стар фонд Дата: 01.01.1958 Книги
Изтеглен Не е изгубен   Не е повреден без рестрикции заемане за дома 327789 Регионална библиотека "Любен Каравелов" Русе Регионална библиотека "Любен Каравелов" Русе Заемна - подръчен фонд 1958-01-01 Заемна - подръчен фонд 0.00 13927/58 П 886.7(081)/С 42 13927/58 2 0.00 N: стар фонд Дата: 01.01.1958 Дата инв: 21.03.2018 Бележки инв: П2018 Книги
Изтеглен Не е изгубен Universal Decimal Classification Не е повреден без рестрикции заемане за дома 327790 Регионална библиотека "Любен Каравелов" Русе Регионална библиотека "Любен Каравелов" Русе Заемна - подръчен фонд 1958-01-01 Заемна - подръчен фонд 0.00 13928/58 П 886.7(081)/С 42 13928/58 3 0.00 N: стар фонд Дата: 01.01.1958 Книги
Vip Innovations Ltd, Rousse, Bulgaria 2025